Lignes des bus TAC (Ardennes) - Statistiques

Statistiques générales
  • Ce quiz a été pris 15 fois
  • Le résultat moyen est 6 sur 25
Statistiques - réponses
Ligne Terminus % Correct
4 Etion village ➔ Centre commerciale La Croisette
64%
1 Centre commerciale Villers ➔ Bellevue du Nord
57%
A2 Gare Centrale ➔ Quai de La Régente
43%
2 Val de Vence ➔ La Culbute
43%
2C Campus ➔ Garce Centrale
36%
12 Arreux ➔ Nevers
29%
15 Chalandry ➔ Gare Centrale
29%
11 Fagnon ➔ Gare Centrale
29%
A1 Gare Centrale ➔ Sedan Gare SNCF
29%
8 Gare Centrale ➔ Square du Petit Bois
29%
14 Haudrecy ➔ Gare Centrale
29%
18 Nevers ➔ Centre Aquatique
29%
3 Place des Fêtes ➔ Gare Centrale
29%
16 Cliron-Charroué ➔ Nevers
21%
10 Lumes Rult ➔ Nevers
21%
9 Nevers ➔ Gare de Nouzonville
21%
17 Robin des Loups ➔ Nevers
21%
13 Terres Bleues ➔ Nevers
21%
C Illy ➔ Chemain du Loup
7%
5 La Grande Terre ➔ Les Granges-Bertholet
7%
DIM La Cachette ➔ Victor Hugo
0%
A Mairie de Floing ➔ Cité des Forges
0%
B Maréchal Foch ➔ Bazeilles Lycée
0%
7 Poterie ➔ Pierrard
0%
6 Rogissart ➔ Gare de Nouzonville
0%
Aucun quiz correspondant
Distribution des résultats
% des personnes avec chaque résultat
Percentile par nombre de réponses
Votre historique - résultats
Vous n’avez pas pris ce quiz